000 01038nam a2200313 a 4500
003 CHAP
005 20230504173123.0
007 ta
008 230504s2000 mx ad||fr|||| 001 0 spa d
020 _a968-884-475-6
040 _amxchpua
_cCHAP
_erda
050 1 0 _aTJ265
_b.G88 2000
082 0 0 _a536.7
_bG88 2000
_220
100 1 _9131084
_aGutiérrez Ortíz, César
_eautor
245 1 0 _aFundamentos de termodinámica y fluidos /
_cCésar Gutiérrez Ortiz y Felipe Patiño Santander
250 _a2a edición
264 _aChapingo, México :
_bUniversidad Autónoma Chapingo,
_c2000
300 _a189 páginas :
_bilustraciones, tablas y gráficas
336 _2rdacontent
_atexto
_btxt
337 _2rdamedia
_asin medio
_bn
338 _2rdacarrier
_avolumen
_bnc
504 _aBibliografía: páginas 188-189
650 1 3 _9112366
_aTermodinámica
650 1 3 _941896
_aFluídos
650 1 3 _9150835
_aThermodynamics
650 1 3 _9186908
_aFluids
700 1 _9131085
_aPatiño Santander, Felipe
_eautor
942 _2ddc
_cLibro
999 _c218684
_d218684